La gran depresión y los asuntos exteriores.

Guardado en:
Formato: Deslizar
Series:Entre dos guerras
Materias:
Etiquetas: Agregar Etiqueta
Sin Etiquetas, Sea el primero en etiquetar este registro!
LEADER 00923ngm a22002415g 4500
001 CEM.cems021638
008 130507b1992##################0###0#####d
005 20240902181145.0
245 0 0 |a La gran depresión y los asuntos exteriores. 
300 |a 25 
490 0 |a Entre dos guerras 
500 |a En soporte VHS, consultar en ventanilla. 
538 |a Soporte: VHS - Norma: Pal N - Color - Grabación DRD 1992 - Hitachi=4458 
505 0 |a Presidencia de Hoover: política internacional. Colapso económico. Explotación laboral: consecuencias sociales. Especulación bursátil. Caída de Wall Street. Mercados mundiales. La cultura. 
082 9 7 |. 91/SCH-3 
653 |a EEUU-HISTORIA 
653 |a EEUU 
653 |a ECONOMIA 
653 |a WALL STREET 
653 |a HISTORIA 
653 |a DEPRESION ECONOMICA 
653 |a NIVEL SECUNDARIO 
859 |a CEMS  |b BIB. CEMS - Depto. Recursos Didacticos  |h 973.91  |i SCH-3  |k DRD  |p 281.12  |t Ej.1